000 00320nam a22001337a 4500
008 180124b xxu||||| |||| 00| 0 eng d
020 _a9780874367775
041 _aeng
080 _aR 34
100 _a39
101 _aJUR
245 _aLaw and Politics a cross-cultural Encyclopedia
_cStrouthes,D.P
942 _2udc
_cBK
999 _c40857
_d40857